Aspects of population change in British Colonial Malacca : a study in social geography /
Saved in:
| Main Author: | |
|---|---|
| Format: | Thesis Book |
| Language: | English |
| Published: |
1980
|
| Subjects: | |
| Tags: |
Add Tag
No Tags, Be the first to tag this record!
|
| LEADER | 00975cam a2200313 4500 | ||
|---|---|---|---|
| 001 | u49610 | ||
| 003 | SIRSI | ||
| 008 | 870316s1980 uk mv 0 eng | ||
| 015 | |a X860001835 | ||
| 035 | |a AAF-3401 | ||
| 040 | |a UMM | ||
| 043 | |a a-my-me | ||
| 050 | 1 | |a GF696.M4 | |
| 090 | 0 | 0 | |a GF696 |b M4Cha |
| 100 | 1 | 0 | |a Chan, Kok Eng |
| 245 | 1 | 0 | |a Aspects of population change in British Colonial Malacca : |b a study in social geography / |c Chan Kok Eng |
| 260 | |c 1980 | ||
| 300 | |a xxii, 602 leaves : |b maps, tables ; |c 31cm | ||
| 500 | |a Unpublished | ||
| 500 | |a Photocopy | ||
| 502 | |a Thesis (Ph.D.) - University of Aberdeen, 1980 | ||
| 504 | 0 | 0 | |a Bibliography: leaves 589-602 |
| 650 | 0 | |a Anthropo-geography |z Melaka | |
| 650 | 0 | |a Population geography | |
| 650 | 0 | |a Migration, Internal |z Melaka | |
| 650 | 0 | |a Land settlement patterns |z Melaka | |
| 948 | |a 16/03/1991 |b 14/08/2002 | ||
| 596 | |a 1 | ||
| 999 | |a GF696 M4CHA |w LC |c 1 |i A010134348 |l STACKS |m P01UTAMA |r Y |s Y |t TESIS |u 24/10/1991 | ||
